Buffalo Bills 2023-2024 Roster - Statistics

General Stats
  • This quiz has been taken 219 times
  • The average score is 33 of 59
Answer Stats
Hint Answer % Correct
QB Josh Allen
99%
RB James Cook
97%
QB Kyle Allen
97%
WR Stefon Diggs
97%
TE Dawson Knox
95%
WR Gabe Davis
92%
TE Dalton Kincaid
90%
S Jordan Poyer
86%
K Tyler Bass
85%
LB Matt Milano
84%
CB Tre'Davious White
84%
DE (PUP) Von Miller
84%
S Micah Hyde
83%
WR Khalil Shakir
80%
S Damar Hamlin
78%
RB LaTavius Murray
77%
CB Taron Johnson
75%
OLT Dion Dawkins
71%
DC Sean McDermott
68%
HC Sean McDermott
68%
OLC Mitch Morse
65%
DT Ed Oliver
64%
RB Damien Harris
61%
TE Quintin Morris
60%
WR Deonte Harty
58%
FB Reggie Gilliam
58%
P Sam Martin
57%
DT DaQuan Jones
53%
LB Terrel Bernard
53%
CB Christian Benford
52%
DE Greg Rousseau
52%
OLT Spencer Brown
51%
WR Trent Sherfield
51%
CB Kaiir Elam
50%
OC Ken Dorsey
50%
DE AJ Epenesa
49%
CB Dane Jackson
47%
QB Matt Barkley
47%
DT Jordan Phillips
46%
S Taylor Rapp
44%
DE Leonard Floyd
42%
OLG O'Cyrus Torrence
40%
LS Reid Ferguson
39%
LB Dorian Williams
37%
CB Cam Lewis
36%
OLG Connor McGovern
36%
OLG Ryan Bates
36%
LB Tyrel Dodson
36%
DE Shaq Lawson
29%
DT Tim Settle
29%
LB Babylon Spector
28%
WR Justin Shorter
28%
DT Poona Ford
28%
CB Siran Neal
28%
OLG David Edwards
25%
LB Tyler Matakevich
22%
DE Kingsley Jonathan
16%
OLT Alec Anderson
15%
OLT Ryan Van Denmark
9%
No matching quizzes found
Score Distribution
Percent of People with Each Score
Percentile by Number Answered
Your Score History
You have not taken this quiz